Statistiques concernant Numéro Des Départements Français - Carte Quiz

Cliquez ici pour prendre le quiz!

Statistiques générales

  • Ce quiz a été pris 11 313 fois
  • Le résultat moyen est 34 sur 101

Réponses sur la Carte

Les réponses sont colorées sur une échelle allant du rouge au vert en fonction du pourcentage des utilisateurs qui les ont devinées à leur premier essai. Vous pouvez retrouver ces pourcentages ci-dessous.
 

Statistiques - réponses

Réponse% Correct
75
73%
13
53%
2A
53%
93
52%
01
51%
02
51%
59
50%
92
48%
69
46%
33
45%
78
45%
94
45%
77
44%
06
43%
29
43%
91
43%
95
43%
44
42%
62
42%
14
41%
60
41%
35
40%
34
39%
76
39%
03
38%
22
38%
50
38%
73
38%
56
37%
80
37%
83
37%
17
36%
40
36%
68
36%
04
35%
16
35%
38
35%
64
35%
66
35%
90
35%
2B
34%
30
34%
67
34%
74
34%
85
34%
971
34%
07
33%
84
33%
05
32%
08
32%
11
32%
27
32%
31
32%
42
32%
45
32%
12
31%
15
31%
21
31%
26
31%
28
31%
63
31%
65
31%
09
30%
49
30%
61
30%
72
30%
974
30%
10
29%
24
29%
39
29%
43
29%
88
29%
976
29%
25
28%
37
28%
51
28%
53
28%
89
28%
972
28%
18
27%
32
27%
57
27%
79
27%
86
27%
87
27%
973
27%
19
26%
36
26%
54
25%
81
25%
23
24%
48
24%
52
24%
55
24%
58
24%
41
23%
47
23%
71
23%
46
22%
70
22%
82
21%

Distribution des résultats

Percentile par nombre de réponses

% des personnes avec chaque résultat

Votre développement - résultats

Vous n’avez pas pris ce quiz